00000000nam 2200000zi 4500
0019.940834
003CaOODSP
00520241015110902
006m     o  d f      
007cr |n|||||||||
008240722e202408  oncbd   ob   f000 0 fre d
020 |a9780660728766
040 |aCaOODSP|bfre|erda|cCaOODSP
043 |an-cn---
0861 |aFs70-5/2024-039F-PDF
1001 |aPlourde, S., |eauteur.
24510|aDescription de la répartition saisonnière et spatiale des proies du genre Calanus et des habitats potentiels d'alimentation de la baleine noire du nord de l'atlantique dans les eaux canadiennes à l'aide de modèles de répartition des espèces / |cS. Plourde, C. Lehoux, J.J. Roberts, C.L. Johnson, N. Record, P. Pepin, C. Orphanides, R.S. Schick, H. J. Walsh, C.H. Ross.
264 1|aOttawa (Ontario) : |bSecrétariat canadien de consultation scientifique (SCCS), |caoût 2024.
264 4|c©2024
300 |a1 ressource en ligne (v, 75 pages) : |bcartes, graphiques.
336 |atexte|btxt|2rdacontent/fre
337 |ainformatique|bc|2rdamedia/fre
338 |aressource en ligne|bcr|2rdacarrier/fre
4901 |aDocument de recherche, |x2292-4272 ; |v2024/039
500 |aPublié aussi en anglais sous le titre : Describing the seasonal and spatial distribution of Calanus species and North Atlantic Right Whale potential foraging habitats in Canadian waters using species distribution models.
504 |aComprend des références bibliographiques (pages 21-25).
650 6|aCalanus|zAtlantique, Côte de l'|xDistribution géographique.
650 6|aBaleine des Basques|xAlimentation|zAtlantique, Côte de l' (Canada)
7102 |aSecrétariat canadien de consultation scientifique, |eorganisme de publication.
7101 |aCanada. |bMinistère des pêches et des océans, |eorganisme de publication.
77508|tDescribing the seasonal and spatial distribution of Calanus species and North Atlantic Right Whale potential foraging habitats in Canadian waters using species distribution models / |w(CaOODSP)9.940833
830#0|aDocument de recherche (Secrétariat canadien de consultation scientifique)|v2024/039.|w(CaOODSP)9.503788
85640|qPDF|s19.9 Mo|uhttps://publications.gc.ca/collections/collection_2024/mpo-dfo/fs70-5/Fs70-5-2024-039-fra.pdf